Szczegóły MARC21

Strategia bezpieczeństwa narodowego Rzeczypospolitej Polskiej : pierwsze 25 lat /

003 -Nazwa inst., której nr kontr. jest w polu 001 [,]
    • @
    • Nazwa instytucji, której n kontrolny jest w polu 001
    • NUKAT
005 -DATA I CZAS OSTATNIEJ MODYFIKACJI [,]
    • @
    • pole kontrolne
    • 20241231114114.0
020 -Międzynarod. znormalizowany nr książki - ISBN [ , ]
    • a
    • Numer ISBN
    • 9788363755904 Find
040 -Instytucja sporządzająca opis [ , ]
    • a
    • Instytucja, która sporządziła opis (NP)
    • WR U/bk
    • c
    • Instytucja, która sporządziła rekord (NP)
    • WR U/bks
    • d
    • Instytucja, która zmodyfikowała rekord (P)
    • WR U/ms
942 -Rodzaj dokumentu [ , ]
    • c
    • Rodzaj dokumentu
    • Książka
245 -Strefa tytułu i oznaczenia odpowiedzialności [0,0]
    • a
    • Tytuł
    • Strategia bezpieczeństwa narodowego Rzeczypospolitej Polskiej : Find
    • b
    • Ciąg dalszy tytułu (NP)
    • pierwsze 25 lat / Find
    • c
    • Pozostałe elementy strefy tytułu i oznaczenia odpowiedzialności (NP)
    • redakcja naukowa Robert Kupiecki ; Wojskowe Centrum Edukacji Obywatelskiej im. płk. dypl. Mariana Porwita.
246 -Wariant tytułu [1,4]
    • a
    • Tytuł (NP)
    • Strategia bezpieczeństwa narodowego RP
260 -Strefa adresu wydawniczego [ , ]
    • a
    • Miejsce wydania (P)
    • Warszawa :
    • b
    • Nazwa wydawcy (P)
    • Wojskowe Centrum Edukacji Obywatelskiej im. płk. dypl. Mariana Porwita,
    • c
    • Data wydania (P)
    • 2015.
300 -Strefa opisu fizycznego [ , ]
    • a
    • Określenie formy książki i/lub objętość (NP)
    • 548 s. :
    • b
    • Oznaczenie ilustracji (NP)
    • il. kolor. ;
    • c
    • Format (NP)
    • 26 cm.
336 -Typ zawartości [ , ]
    • a
    • Termin opisujący typ zawartości
    • Tekst
    • b
    • Kod określający zawartość
    • txt
    • 2
    • Źródło (terminu i kodu)
    • rdacontent
337 -Typ mediów [ , ]
    • a
    • Tryb odtwarzania
    • Bez urządzenia pośredniczącego
    • b
    • Kod typu mediów
    • n
    • 2
    • Źródło (terminu i kodu)
    • rdamedia
338 -Typ/rodzaj nośnika [ , ]
    • a
    • Hasło opisujące typ nośnika
    • Wolumin
    • b
    • Kod typu nośnika
    • nc
    • 2
    • Źródło (terminu i kodu)
    • rdacarrier
500 -Uwaga ogólna [ , ]
    • a
    • Uwaga ogólna (NP)
    • Zawiera w znacznej części aneksy - dokumenty dotyczące strategii bezpieczeństwa narodowego.
650 -Hasło przedmiotowe [ ,7]
    • a
    • Hasło przedmiotowe
    • Bezpieczeństwo narodowe
    • z
    • Określnik geograficzny
    • Polska
    • y
    • Określnik chronologiczny
    • 1990-.
    • 2
    • Źródło terminu
    • kaba
    • 9
    • KHW
    • 350300
700 -Hasło dodatkowe - nazwa osobowa [1, ]
    • a
    • Nazwa osobowa (NP)
    • Kupiecki, Robert Find
    • d
    • Daty biograficzne (NP)
    • (1967- ).
    • e
    • Określenie rodzaju współpracy
    • Red.
    • 9
    • KHW
    • 9345
920 -ISBN [ , ]
    • a
    • ISBN
    • 978-83-63755-90-4 Find
Status udost. Numer inwentarzowy Data inwentaryzacji Lokalizacja
1Z.1215092016-03-24BG
-3WM.189882016-03-25BG
1H.279932016-03-24BNS